| 000 | 00971nam a2200265Ia 4500 | ||
|---|---|---|---|
| 999 |
_c53703 _d53703 |
||
| 001 | 20751 | ||
| 003 | GE_BSU | ||
| 005 | 20221111161324.0 | ||
| 008 | 181216s2014||||enk|||||||||||||| ||eng|| | ||
| 020 | _a9780230362352x | ||
| 040 | _cGE_BSU | ||
| 041 | _aeng | ||
| 080 | _a341.1 H-84 | ||
| 100 |
_aHoworth, Jolyon _910860 |
||
| 245 |
_aSecurity and Defence Policy in the European Union / _cJolyon Howorth. |
||
| 250 | _aSecond edition | ||
| 264 |
_aLondon : _bPalgrave macmillan, _c2014. |
||
| 300 |
_a299 p. ; _c24 cm. |
||
| 440 |
_aThe European Union Series _910861 |
||
| 500 | _aBibl. : p.247-290, Index. : p.291-299 | ||
| 653 | _aSecurity and Defence Policy in the European Union | ||
| 653 | _aПолитика безопасности и обороны в Европейском Союзе | ||
| 653 | _aუსაფრთხოება და თავდაცვის პოლიტიკა ევროკავშირში | ||
| 942 |
_cBK _2udc |
||